000 00777nam a22002057a 4500
999 _c163247
_d163247
005 20190406113527.0
010 _aB-721050
020 _a9788121926614
_c325.00
035 _aB-721050
037 _bAksharesh Enterprises
082 _a516.33
100 _aNarayan, Shanti
245 _aAnalytical solid geometry:
_bfor B.Sc. and B.A. students /
_cShanti Narayan [and] P.K. Mittal
260 _aNew Delhi
_bS Chand
_c2017
270 _a7361, Ram Nagar
_bNew Delhi
_e110055
300 _ax, 419p.
_c24cm(pbk)
700 _aMittal, P.K.
942 _2ddc
_cEN
_h516.33
_mNAR